000 01433cam a2200349 a 4500
999 _c1257
_d1257
001 4995342
003 OSt
005 20221227125416.0
008 990428s2000 nyua c 000 1 eng
010 _a 99027262
020 _a9780064407687
020 _a0064407683 (pbk.)
040 _aDLC
_cDLC
_dDLC
_dKH8
042 _alcac
082 0 0 _aFIC SNI
_221
100 1 _aSnicket, Lemony.
_eAUTHOR
245 1 4 _aThe Wide Window /
_cby Lemony Snicket ; illustrations by Brett Helquist.
260 _aNew York :
_bHarperTrophy,
_cc2000.
300 _a214 p. :
_bill. ;
_c19 cm.
490 1 _aSeries of unfortunate events ;
_vbk. 3
520 _aCatastrophes and misfortune continue to plague the Baudelaire orphans after being sent to live with fearful Aunt Josephine, who offers little protection against Count Olaf's treachery.
650 1 _aOrphans
_vFiction.
650 1 _aBrothers and sisters
_vFiction.
650 1 _aHumorous stories.
700 1 _aHelquist, Brett,
_eill.
800 1 _aSnicket, Lemony.
_tSeries of unfortunate events ;
_vbk. 3.
856 4 2 _3Publisher description
_uhttp://www.loc.gov/catdir/description/hc043/99027262.html
906 _a7
_bcbc
_corignew
_d1
_eocip
_f19
_gy-gencatlg
942 _2ddc
_cFIC